000 00730nam a2200265Ia 4500
003 OSt
005 20220925204919.0
006 a|||||r|||| 00| 0
007 ta
008 220923b |||||||| |||| 00| 0 eng d
020 _a90 279 3165 8
037 _cGeneral Book
040 _aRTL
_cRTL
_beng
041 _2eng
_aeng
082 _aR34:g(Y:3), L6
100 _aKang W
_9269265
245 0 _aG H Mead's concept of rationality
_b A study of the
260 _aHague
_bMouton
_c1976
300 _a219p
_ccm.
490 _aApproaches to semiotics
500 _aBibliography: P 201-16
650 _aMetaphysics
_913358
942 _hR34:g(Y:3), L6
_cGB
_2CC
999 _c550783
_d550783